00783cam a2200241 a 45000010008000000030005000080050017000130080041000300100017000710200015000880400018001030500023001210820022001441000022001662450107001882600057002953000034003525000009003865040051003956500049004467000021004957000025005163486047NUST20171116093456.0940309s1995 njua b 001 0 eng  a 94010676  a0130791873 aDLCcDLCdDLC00aTD795.7b.M38 199500a628.44564 MCB2201 aMcBean, Edward A.10aSolid waste landfill engineering and design /cEdward A. McBean, Frank A. Rovers, Grahame J. Farquhar. aEnglewood Cliffs, N.J. :bPrentice Hall PTR,cc1995. axvi, 521 p. :bill. ;c25 cm. aH.B  aIncludes bibliographical references and index. 0aSanitary landfillsxDesign and construction.1 aRovers, Frank A.1 aFarquhar, Grahame J.